|
|
|
|
| LEADER |
02161nam a2200505 i 4500 |
| 001 |
EBC1725123 |
| 003 |
MiAaPQ |
| 005 |
20200520144314.0 |
| 006 |
m o d | |
| 007 |
cr cnu|||||||| |
| 008 |
140718t20142014qeaab ob 001 0 eng d |
| 020 |
|
|
|z 9781921902437
|
| 020 |
|
|
|a 9781921902451
|q (electronic bk.)
|
| 020 |
|
|
|a 9781921902444
|q (electronic bk.)
|
| 035 |
|
|
|a (MiAaPQ)EBC1725123
|
| 035 |
|
|
|a (Au-PeEL)EBL1725123
|
| 035 |
|
|
|a (CaPaEBR)ebr10890706
|
| 035 |
|
|
|a (CaONFJC)MIL623576
|
| 035 |
|
|
|a (OCoLC)882607450
|
| 040 |
|
|
|a MiAaPQ
|b eng
|e rda
|e pn
|c MiAaPQ
|d MiAaPQ
|
| 043 |
|
|
|a a-pp---
|
| 050 |
|
4 |
|a HC683.5
|b .A978 2014
|
| 082 |
0 |
|
|a 330.9953
|2 23
|
| 245 |
0 |
0 |
|a Australians in Papua New Guinea, 1960-75 /
|c edited by Ceridwen Sparks, Seumas Sparks and Christina Twomey ; cover design by Kate Barry.
|
| 264 |
|
1 |
|a Brisbane, Queensland :
|b UQ ePress,
|c 2014.
|
| 264 |
|
4 |
|c 2014
|
| 300 |
|
|
|a 1 online resource (345 pages) :
|b illustrations, map.
|
| 336 |
|
|
|a text
|2 rdacontent
|
| 337 |
|
|
|a computer
|2 rdamedia
|
| 338 |
|
|
|a online resource
|2 rdacarrier
|
| 490 |
1 |
|
|a Pacific Studies Series
|
| 504 |
|
|
|a Includes bibliographical references at the end of each chapters and index.
|
| 588 |
|
|
|a Description based on online resource; title from PDF title page (ebrary, viewed July 16, 2014).
|
| 590 |
|
|
|a Electronic reproduction. Ann Arbor, MI : ProQuest, 2015. Available via World Wide Web. Access may be limited to ProQuest affiliated libraries.
|
| 651 |
|
0 |
|a Papua New Guinea
|x Economic conditions
|v Anecdotes.
|
| 651 |
|
0 |
|a Papua New Guinea
|x Social life and customs
|v Anecdotes.
|
| 655 |
|
4 |
|a Electronic books.
|
| 700 |
1 |
|
|a Sparks, Ceridwen,
|e editor.
|
| 700 |
1 |
|
|a Sparks, Seumas,
|e editor.
|
| 700 |
1 |
|
|a Twomey, Christina,
|e editor.
|
| 700 |
1 |
|
|a Barry, Kate,
|e cover designer.
|
| 776 |
0 |
8 |
|i Print version:
|t Australians in Papua New Guinea, 1960-75.
|d Brisbane, Queensland : UQ ePress, c2014
|h xii, 339 pages
|k Pacific studies series.
|z 9781921902437
|
| 797 |
2 |
|
|a ProQuest (Firm)
|
| 830 |
|
0 |
|a Pacific studies series.
|
| 856 |
4 |
0 |
|u https://ebookcentral.proquest.com/lib/matrademy/detail.action?docID=1725123
|z Click to View
|